Relationship between perceptions of mathematics classroom learning environment and achievement among form two students /
Saved in:
| Main Author: | |
|---|---|
| Format: | Thesis Book |
| Language: | English |
| Published: |
2004.
|
| Subjects: | |
| Online Access: | http://studentsrepo.um.edu.my/id/eprint/1507 |
| Tags: |
Add Tag
No Tags, Be the first to tag this record!
|
| LEADER | 00928cam a2200229 a 4500 | ||
|---|---|---|---|
| 001 | u712904 | ||
| 003 | SIRSI | ||
| 008 | 051005s2004 my t 000 0 eng m | ||
| 040 | |a UMM | ||
| 090 | |a LB7 |b UM 2004 Tan | ||
| 100 | 1 | 0 | |a Tan, Suat Hong |
| 245 | 1 | 0 | |a Relationship between perceptions of mathematics classroom learning environment and achievement among form two students / |c Tan Suat Hong. |
| 260 | |c 2004. | ||
| 300 | |a xii, 136 leaves : |b ill. ; |c 30 cm. | ||
| 502 | |a Dissertation (M.Ed.) -- Fakulti Pendidikan, Universiti Malaya, 2005. | ||
| 504 | |a Bibliography: leaves 82-87. | ||
| 650 | 0 | |a Academic achievement |z Selangor | |
| 650 | 0 | |a Mathematics |x Study and teaching (Secondary) | |
| 710 | 2 | 0 | |a Universiti Malaya. |b Fakulti Pendidikan. |
| 856 | 4 | 1 | |u http://studentsrepo.um.edu.my/id/eprint/1507 |
| 596 | |a 1 | ||
| 999 | |a LB7 UM 2004 TAN |w LC |c 1 |i A511934026 |d 5/3/2017 |e 5/3/2017 |f 24/3/2006 |g 1 |l STACKS |m P01UTAMA |n 11 |r Y |s Y |t TESIS |u 20/3/2006 | ||
